| 000 -LEADER |
| fixed length control field |
02470cam a2200433 a 4500 |
| 001 - CONTROL NUMBER |
| control field |
10051966 |
| 003 - CONTROL NUMBER IDENTIFIER |
| control field |
Nust- CAS-E |
| 005 - DATE AND TIME OF LATEST TRANSACTION |
| control field |
20180118181408.0 |
| 006 - FIXED-LENGTH DATA ELEMENTS--ADDITIONAL MATERIAL CHARACTERISTICS |
| fixed length control field |
m d |
| 007 - PHYSICAL DESCRIPTION FIXED FIELD--GENERAL INFORMATION |
| fixed length control field |
cr n |
| 008 - FIXED-LENGTH DATA ELEMENTS--GENERAL INFORMATION |
| fixed length control field |
060703s2006 dcua sb 000 0 eng d |
| 020 ## - INTERNATIONAL STANDARD BOOK NUMBER |
| International Standard Book Number |
0875904300 (alk. paper) |
| 020 ## - INTERNATIONAL STANDARD BOOK NUMBER |
| International Standard Book Number |
9780875904306 (alk. paper) |
| 035 ## - SYSTEM CONTROL NUMBER |
| System control number |
(WaSeSS)ssj0000726718 |
| 040 ## - CATALOGING SOURCE |
| Original cataloging agency |
DLC |
| Transcribing agency |
DLC |
| Modifying agency |
BAKER |
| -- |
C#P |
| -- |
YDXCP |
| -- |
DLC |
| -- |
WaSeSS |
| 050 #4 - LIBRARY OF CONGRESS CALL NUMBER |
| Classification number |
QB529 |
| Item number |
.S623 2006 |
| 082 00 - DEWEY DECIMAL CLASSIFICATION NUMBER |
| Classification number |
523.7 |
| Edition number |
22 |
| Author Mark |
SOL 2006 |
| 210 10 - ABBREVIATED TITLE |
| Abbreviated title |
Solar eruptions and energetic particles |
| 245 00 - TITLE STATEMENT |
| Title |
Solar eruptions and energetic particles |
| Medium |
[electronic resource] / |
| Statement of responsibility, etc. |
Natchimuthukonar Gopalswamy, Richard Mewaldt, Jarmo Torsti, editors. |
| 260 ## - PUBLICATION, DISTRIBUTION, ETC. |
| Place of publication, distribution, etc. |
Washington, DC : |
| Name of publisher, distributor, etc. |
American Geophysical Union, |
| Date of publication, distribution, etc. |
c2006. |
| 490 1# - SERIES STATEMENT |
| Series statement |
Geophysical monograph series ; |
| Volume/sequential designation |
165 |
| 502 ## - DISSERTATION NOTE |
| Dissertation note |
0 |
| 504 ## - BIBLIOGRAPHY, ETC. NOTE |
| Bibliography, etc. note |
Includes bibliographical references. |
| 505 2# - FORMATTED CONTENTS NOTE |
| Formatted contents note |
Solar eruptions and energetic particles: an introduction / N. Gopalswamy, R. Mewaldt, and J. Torsti ; A historical perspective on coronal mass ejections / R.A. Howard ; Solar energetic particles and coronal mass ejections: a perspective / J.R. Jokipii -- Coronal mass ejections. Observational properties of coronal mass ejections / S.W. Kahler ; A broad perspective on automated CME tracking: towards higher level space weather forecasting / Eva Robbrecht and David Berghmans ; Initiation of coronal mass ejections / Ronald L. Moore and Alphonse C. Sterling ; Magnetic helicity and coronal mass ejections / A. Nindos ; Bursting the solar bubble: the flare-coronal mass ejection relationship / Richard Harrison ; Models of solar eruptions: recent advances from theory and simulations / Ilia I. Roussev and Igor V. Sokolov. |
| 506 ## - RESTRICTIONS ON ACCESS NOTE |
| Terms governing access |
License restrictions may limit access. |
| 650 #0 - SUBJECT ADDED ENTRY--TOPICAL TERM |
| Topical term or geographic name entry element |
Coronal mass ejections. |
| 650 #0 - SUBJECT ADDED ENTRY--TOPICAL TERM |
| Topical term or geographic name entry element |
Solar energetic particles. |
| 650 #0 - SUBJECT ADDED ENTRY--TOPICAL TERM |
| Topical term or geographic name entry element |
Solar activity. |
| 700 1# - ADDED ENTRY--PERSONAL NAME |
| Personal name |
Gopalswamy, N. |
| 700 1# - ADDED ENTRY--PERSONAL NAME |
| Personal name |
Mewaldt, R. A. |
| 700 1# - ADDED ENTRY--PERSONAL NAME |
| Personal name |
Torsti, Jarmo. |
| 773 #0 - HOST ITEM ENTRY |
| Title |
AGU Digital Library - Books Series |
| 773 #0 - HOST ITEM ENTRY |
| Title |
Wiley-Blackwell Online Books |
| 830 #0 - SERIES ADDED ENTRY--UNIFORM TITLE |
| Uniform title |
Geophysical monograph ; |
| Volume/sequential designation |
165. |
| 856 40 - ELECTRONIC LOCATION AND ACCESS |
| Uniform Resource Identifier |
<a href="http://www.columbia.edu/cgi-bin/cul/resolve?clio10051966.001">http://www.columbia.edu/cgi-bin/cul/resolve?clio10051966.001</a> |
| Public note |
Full text available from AGU Digital Library - Books Series |
| 856 40 - ELECTRONIC LOCATION AND ACCESS |
| Uniform Resource Identifier |
<a href="http://www.columbia.edu/cgi-bin/cul/resolve?clio10051966.002">http://www.columbia.edu/cgi-bin/cul/resolve?clio10051966.002</a> |
| Public note |
Full text available from Wiley-Blackwell Online Books |
| 910 ## - USER-OPTION DATA (OCLC) |
| User-option data |
Library of Congress record |
| 942 ## - ADDED ENTRY ELEMENTS (KOHA) |
| Source of classification or shelving scheme |
|
| Koha item type |
Book |